000 00304nam a22001337a 4500
008 170715b xxu||||| |||| 00| 0 eng d
020 _a0521290988
041 _aeng
080 _a572
100 _a24
101 _aANT
245 _aPERSPECTIVES IN MARXIST ANTHROPOLOGY
_cGODELIER, M
942 _2udc
_cBK
999 _c21093
_d21093